LEADER 01755nam a2200265 i 4500 001 000000206250 003 CaOOAMICUS 005 20250915120505.0 008 110926s1825 it u000 u ita u 026 $am-so u-i' i-n- abta (3) 1825 (R) 040 $aSeMil$bita 100 1 $aDella Casa, Giovanni,$c.$0(OLS)http://semarc/name/11132 245 13$aIl galateo di monsignor della Casa ridotto a miglior lezione da Nicolò Tommaseo col compendio d'un Galateo nuovo ed un discorso intorno all'urbanità per cura del medesimo aggiuntovi il dialogo di messer S. Speroni della cura famigliare. 260 $aMilano :$bPresso Ant. Fort. Stella e figli,$c1825$e([Milano] :$fGiovanni Pirotta,$g1825) 300 $aVI, 285, [3] p. ;$c12°. 490 1 $aBiblioteca amena ed istruttiva per le donne gentili ;$v26.-28 650 4$aDella Casa, Giovanni . Galateo.$0(OLS)http://semarc/subject/3981 700 1 $aTommaseo, Niccolò,$d<1802-1874>.$0(OLS)http://semarc/name/454 700 1 $aStella, Antonio Fortunato & Figli,$c.$0(OLS)http://semarc/name/2846 830 0$aBiblioteca amena ed istruttiva per le donne gentili ;$v26.-28.$0(OLS)http://semarc/title/34319 850 $aSeMil 852 $aSeMil$W1$xVenegono$y1$m1Q II 24 FA$j156733$B156733$CSeMilBibl$Z2$F167969 $8I 996 $6245$aIl galateo di monsignor della Casa ridotto a miglior lezione da Nicolò Tommaseo col compendio d'un Galateo nuovo ed un discorso intorno all'urbanità per cura del medesimo aggiuntovi il dialogo di messer S. Speroni della cura famigliare$9(OLS)http://semarc/title/298407 996 $6260$aMilano :$bPresso Ant. Fort. Stella e figli$9(OLS)http://semarc/publisher/52671 LEADER 01113nam a2200277 i 4500 001 000000216643 003 CaOOAMICUS 005 20130304000000.0 008 130304s2011 it u000 u ita u 013 $a195538 020 $a978-88-372-2523-0 040 $aSeMil$bita 100 1 $aStefani, Piero,$d<1949- >.$0(OLS)http://semarc/name/3241 245 10$aFede nella Chiesa? /$cPiero Stefani. 260 $aBrescia :$bMorcelliana,$c2011. 300 $a231 p. ;$c19 cm. 490 0 $aIl pellicano rosso. Nuova serie ;$v144 650 4$aFede - Studi.$0(OLS)http://semarc/subject/12766 650 4$aReligione e fede.$0(OLS)http://semarc/subject/14300 830 3$aIl pellicano rosso. Nuova serie ;$v144.$0(OLS)http://semarc/title/11366 850 $aSeMil 852 $aSeMil$W1$xVenegono$y1$m2LA V 144$j266445$B167060$CSeMilBibl$Z2$F177868 $81 961 $aRecupero: Seminario di Seveso 996 $6020$a978-88-372-2523-0$9(OLS)http://semarc/number/213724 996 $6245$aFede nella Chiesa?$9(OLS)http://semarc/title/311450 996 $6260$aBrescia :$bMorcelliana$9(OLS)http://semarc/publisher/29629